TEKNOLOGI DAN PENGURUSAN PENYENGGARAAN BANGUNAN

Bibliographic Details
Main Author: Azlan Shah Ali (Author)
Format: Book
Subjects:

MARC

LEADER 00000cam a2200000 7i4500
001 0000026611
005 20260225.0
008 11112015t20132013my a e a001 0 may
020 |a 9789831006986 (  |q paperback) ,   |c RM32.30 
040 |a BNM   |b eng   |c INS   |e rda 
090 0 0 |a TH3351   |b .A95 2013 
100 1 |a Azlan Shah Ali ,   |e author 
245 1 0 |a TEKNOLOGI DAN PENGURUSAN PENYENGGARAAN BANGUNAN   |c Azlan Shah Ali 
264 0 |a @2013 
264 0 |a Kuala Lumpur :   |b PENERBIT UNIVERSITI MALAYA   |c 2013 
300 |a xii,116ms :   |b illustrations ; ;   |c 23 cm. 
336 |a text  |2 rdacontent 
337 |a unmediated  |2 rdamedia 
338 |a volume  |2 rdacarrier 
500 |a Includes index 
504 |a Bibliografi: ms. 111 
650 0 |a Building   |x Maintenance 
650 0 |a Building   |x Safety measures 
650 0 |a Dwellings   |x Maintenance and repair 
999 |a 1000002356   |b BOOK   |c Open Shelf   |e Default branch 
999 |a 1000003896   |b BOOK   |c Open Shelf   |e Default branch 
999 |a 1000004960   |b BOOK   |c Open Shelf   |e Default branch 
999 |a 1000004961   |b BOOK   |c Reference   |e Default branch 
999 |a 1000004962   |b BOOK   |c Reference   |e Default branch 
999 |a 1000004963   |b BOOK   |c Open Shelf   |e Default branch 
999 |a 1000004964   |b BOOK   |c Open Shelf   |e Default branch 
999 |a 1000004965   |b BOOK   |c Open Shelf   |e Default branch